Protecció de l'entorn : recull de normativa de la Generalitat de Catalunya (27 desembre 1978 / 11 abril 1984) recull de normativa de la Generalitat de Catalunya (27 desembre 1978 / 11 abril 1984)
ISBN:
84-393-0517-6
Publicado:
[Barcelona] :
Generalitat de Catalunya, Departament de Governació, Direcció General d'Administració Local ,
1985
Descripción Física:
303 p. ; 24 cm
MARC
| LEADER | 00000nam a2200000Ia 4500 | ||
|---|---|---|---|
| 001 | 14346 | ||
| 008 | 160829s1985 xx 000 0 cat d | ||
| 020 | |a 84-393-0517-6 | ||
| 080 | |a D-2-196 | ||
| 100 | |a Catalunya. Lleis, etc. |9 35754 | ||
| 245 | |a Protecció de l'entorn : |b recull de normativa de la Generalitat de Catalunya (27 desembre 1978 / 11 abril 1984) | ||
| 260 | |a [Barcelona] : |b Generalitat de Catalunya, Departament de Governació, Direcció General d'Administració Local, |c 1985 | ||
| 300 | |a 303 p. ; |c 24 cm | ||
| 650 | 0 | |a Dret ambiental |x Legislació |z Catalunya |9 56234 | |
| 710 | 1 | |a Catalunya. |b Direcció General d'Administració Local |9 53065 | |
| 901 | |a Arxiu | ||
| 942 | |n 1 | ||
| 952 | |0 1 |1 0 |2 udc |4 0 |5 2 |6 D2196 |7 1 |9 41534 |a Arxiu |b Arxiu |d 2016-12-01 |l 0 |o D-2-196 |p 14346 |r 2016-12-01 00:00:00 |w 2016-12-01 |y ARXIU | ||
| 999 | |c 43424 |d 43424 | ||